[Event "French Championship 2012"]
[Site "?"]
[Date "2012.08.13"]
[Round "1"]
[White "Vachier-Lagrave, Maxime"]
[Black "Bacrot, Etienne"]
[Result "1/2-1/2"]
[WhiteElo "2686"]
[BlackElo "2713"]
[PlyCount "95"]
[EventDate "2012.??.??"]

1. c4 Nf6 2. Nc3 e5 3. Nf3 Nc6 4. g3 g6 5. Bg2 Bg7 6. O-O O-O 7. d3 d6 8. Rb1
a5 9. a3 Nd4 10. Nxd4 exd4 11. Nb5 Ne8 12. e3 dxe3 13. Bxe3 c6 14. Nc3 Bf5 15.
Qd2 Nf6 16. Rbe1 d5 17. cxd5 Nxd5 18. Nxd5 cxd5 19. Rc1 Be6 20. Rc5 Qd7 21.
Rxa5 Rxa5 22. Qxa5 Bxb2 23. d4 Qd6 24. Rb1 Qxa3 25. Qb5 Bc3 26. Bxd5 Bf5 27.
Qb3 Qxb3 28. Rxb3 Rd8 29. Bxf7+ Kxf7 30. Rxc3 b5 31. Kf1 b4 32. Rb3 Rb8 33. Bd2
Ke6 34. Rxb4 Rxb4 35. Bxb4 Kd5 36. Bc5 Bg4 37. Ke1 Ke4 38. Kd2 Be6 39. f4 Kf3
40. Bd6 h5 41. Be7 Ke4 42. Kc3 Kd5 43. Bf6 Bf5 44. Kb4 Kc6 45. Ka5 Be6 46. Kb4
Bf5 47. Ka5 Be6 48. Kb4 1/2-1/2

[Event "French Championship 2012"]
[Site "?"]
[Date "2012.08.13"]
[Round "1"]
[White "Fressinet, Laurent"]
[Black "Hamdouchi, Hicham"]
[Result "1/2-1/2"]
[WhiteElo "2714"]
[BlackElo "2627"]
[PlyCount "86"]
[EventDate "2012.??.??"]

1. Nf3 Nf6 2. c4 g6 3. Nc3 Bg7 4. e4 d6 5. d4 O-O 6. Be2 e5 7. O-O exd4 8. Nxd4
Re8 9. f3 c6 10. Kh1 Nbd7 11. Bg5 h6 12. Bh4 Ne5 13. Nc2 Be6 14. Ne3 g5 15. Bf2
a6 16. Qd2 b5 17. b3 Nh5 18. Rac1 Nf4 19. Rfd1 Qf6 20. Bf1 Rad8 21. Rc2 h5 22.
Ne2 Nxe2 23. Qxe2 g4 24. fxg4 Nxg4 25. cxb5 cxb5 26. h3 Nxf2+ 27. Qxf2 Qxf2 28.
Rxf2 Bc8 29. Bd3 Bb7 30. Nd5 Bxd5 31. exd5 Re5 32. Re2 Rde8 33. Rde1 Rxe2 34.
Rxe2 Rxe2 35. Bxe2 h4 36. a4 bxa4 37. bxa4 a5 38. Kh2 Be5+ 39. Kh1 Bd4 40. Kh2
Be5+ 41. Kh1 Bd4 42. Kh2 Be5+ 43. Kh1 Bd4 1/2-1/2

[Event "French Championship 2012"]
[Site "?"]
[Date "2012.08.14"]
[Round "2"]
[White "Lagarde, Maxime"]
[Black "Fressinet, Laurent"]
[Result "1/2-1/2"]
[WhiteElo "2505"]
[BlackElo "2714"]
[PlyCount "127"]
[EventDate "2012.??.??"]

1. d4 Nf6 2. c4 e6 3. Nf3 Bb4+ 4. Bd2 a5 5. Nc3 d5 6. Qc2 O-O 7. Bg5 h6 8. Bxf6
Qxf6 9. a3 Bxc3+ 10. Qxc3 dxc4 11. Qxc4 Nc6 12. Rd1 e5 13. d5 Ne7 14. Qxc7 e4
15. Qe5 exf3 16. Qxf6 gxf6 17. d6 Nc6 18. d7 Bxd7 19. Rxd7 Ne5 20. Rc7 Rac8 21.
Rxc8 Rxc8 22. Kd1 Ng4 23. Rg1 Nxf2+ 24. Ke1 fxe2 25. Bxe2 Ne4 26. Kd1 f5 27.
Rf1 Rc5 28. Rf3 Rd5+ 29. Kc1 Re5 30. Rd3 Kg7 31. Bf3 Rc5+ 32. Kb1 Kg6 33. h4 b5
34. Ka2 a4 35. Rd4 Kf6 36. Rb4 Ke5 37. b3 axb3+ 38. Kxb3 Nc3 39. h5 f4 40. Kb2
f5 41. Rb3 Kd4 42. Kc2 Nd5+ 43. Kd2 Ne3 44. Rd3+ Ke5 45. Rd8 Rc2+ 46. Kd3 Ra2
47. Re8+ Kd6 48. Rd8+ Ke7 49. Rb8 Rxa3+ 50. Kd4 Ng4 51. Bxg4 fxg4 52. Ke5 f3
53. gxf3 gxf3 54. Rxb5 Re3+ 55. Kd4 Re6 56. Rf5 Rf6 57. Rxf6 Kxf6 58. Ke3 Kg5
59. Kxf3 Kxh5 60. Kg3 Kg5 61. Kh3 h5 62. Kg3 h4+ 63. Kh2 h3 64. Kxh3 1/2-1/2

[Event "French Championship 2012"]
[Site "?"]
[Date "2012.08.14"]
[Round "2"]
[White "Bacrot, Etienne"]
[Black "Mullon, Jean-Baptiste"]
[Result "1-0"]
[WhiteElo "2713"]
[BlackElo "2404"]
[PlyCount "45"]
[EventDate "2012.??.??"]

1. c4 Nf6 2. Nc3 g6 3. e4 d6 4. d4 Bg7 5. Nf3 O-O 6. h3 e5 7. d5 Na6 8. g4 Nc5
9. Qc2 a5 10. Be3 c6 11. Be2 cxd5 12. cxd5 Nfd7 13. Nb5 Qe7 14. Nd2 Bf6 15. Nc4
Bg5 16. Bxg5 Qxg5 17. Nbxd6 Qf6 18. h4 b5 19. g5 Qf4 20. Ne3 Ra6 21. Ng2 Rxd6
22. Nxf4 exf4 23. Bxb5 1-0

[Event "French Championship 2012"]
[Site "?"]
[Date "2012.08.15"]
[Round "3"]
[White "Edouard, Romain"]
[Black "Bacrot, Etienne"]
[Result "1/2-1/2"]
[WhiteElo "2652"]
[BlackElo "2713"]
[PlyCount "58"]
[EventDate "2012.??.??"]

1. c4 Nf6 2. Nc3 e5 3. Nf3 Nc6 4. g3 d5 5. cxd5 Nxd5 6. Bg2 Nb6 7. O-O Be7 8.
a3 O-O 9. b4 Re8 10. d3 a5 11. b5 Nd4 12. Nd2 a4 13. Rb1 Bf8 14. Bb2 c6 15.
bxc6 Nxc6 16. Nc4 Nxc4 17. dxc4 Bf5 18. Be4 Bxe4 19. Nxe4 Nd4 20. Nc3 Qc8 21.
e3 Ne6 22. Nxa4 Rd8 23. Qc2 Ng5 24. Nb6 Qg4 25. Rfd1 Nf3+ 26. Kg2 Nh4+ 27. Kg1
Nf3+ 28. Kg2 Nh4+ 29. Kg1 Nf3+ 1/2-1/2

[Event "French Championship 2012"]
[Site "?"]
[Date "2012.08.15"]
[Round "3"]
[White "Fressinet, Laurent"]
[Black "Tkachiev, Vladislav"]
[Result "1-0"]
[WhiteElo "2714"]
[BlackElo "2644"]
[PlyCount "67"]
[EventDate "2012.??.??"]

1. e4 e6 2. d4 d5 3. Nc3 Bb4 4. exd5 exd5 5. Bd3 Nc6 6. a3 Be7 7. Be3 Bf6 8.
Qh5 Bxd4 9. Bxd4 Nxd4 10. Qxd5 Qe7+ 11. Ne4 Ne6 12. O-O-O Nf6 13. Bb5+ Kf8 14.
Nxf6 Qxf6 15. Nf3 g6 16. h4 h6 17. Qe5 Kg7 18. Rhe1 Rf8 19. Re3 a5 20. Bc4 Re8
21. Qxf6+ Kxf6 22. Rde1 Re7 23. Ne5 a4 24. Ng4+ Kg7 25. Re5 c6 26. h5 b5 27.
Ba2 Raa7 28. hxg6 Kxg6 29. f4 f6 30. Bxe6 fxe5 31. Nxe5+ Kf6 32. Bxc8 h5 33.
Rd1 Rg7 34. Bh3 1-0

[Event "French Championship 2012"]
[Site "?"]
[Date "2012.08.16"]
[Round "4"]
[White "Fressinet, Laurent"]
[Black "Vachier-Lagrave, Maxime"]
[Result "1/2-1/2"]
[WhiteElo "2714"]
[BlackElo "2686"]
[PlyCount "57"]
[EventDate "2012.??.??"]

1. Nf3 c5 2. c4 Nc6 3. Nc3 e5 4. e3 Nf6 5. Be2 d5 6. d4 exd4 7. exd4 Be6 8.
cxd5 Nxd5 9. O-O Be7 10. dxc5 Nxc3 11. bxc3 Qxd1 12. Rxd1 Bxc5 13. Ng5 O-O 14.
Bf4 Rfe8 15. Nxe6 Rxe6 16. Kf1 Rae8 17. Bf3 b6 18. Re1 Rxe1+ 19. Rxe1 Rxe1+ 20.
Kxe1 Ne7 21. Ke2 Nf5 22. Be4 Nd6 23. Bxd6 Bxd6 24. g3 g6 25. Bd5 Bc5 26. Be4
Bd6 27. Bd5 Bc5 28. Be4 Bd6 29. Bd5 1/2-1/2

[Event "French Championship 2012"]
[Site "?"]
[Date "2012.08.16"]
[Round "4"]
[White "Bacrot, Etienne"]
[Black "Vaisser, Anatoly"]
[Result "1-0"]
[WhiteElo "2713"]
[BlackElo "2556"]
[PlyCount "131"]
[EventDate "2012.??.??"]

1. d4 d6 2. Nf3 g6 3. c4 Bg7 4. Nc3 Nd7 5. e4 e5 6. Be2 Ngf6 7. O-O O-O 8. Be3
exd4 9. Nxd4 Re8 10. Qc2 c6 11. Rad1 Qe7 12. f3 Nc5 13. Rfe1 Nh5 14. Bf1 Ne6
15. Nde2 Be5 16. g3 g5 17. Bg2 Kh8 18. Rf1 Rg8 19. f4 gxf4 20. gxf4 Bg7 21. Ng3
Nxg3 22. hxg3 Nc5 23. Qd2 f5 24. Qxd6 Qxd6 25. Rxd6 Nxe4 26. Nxe4 fxe4 27. b3
Bf5 28. Kf2 Rge8 29. Rh1 Rad8 30. Rhd1 Ra8 31. Bf1 a5 32. Be2 Bf8 33. Rf6 Bg6
34. Rd7 Bg7 35. Rfd6 Bf8 36. c5 Re7 37. Rxe7 Bxe7 38. Rd7 Bf6 39. Rxb7 h5 40.
Rd7 a4 41. Rd6 axb3 42. axb3 Kg7 43. Rxc6 Ra2 44. Ra6 Rc2 45. Ke1 Rc3 46. Ra7+
Kf8 47. f5 Bf7 48. Bf4 Bxb3 49. Bxh5 Rc2 50. Bd6+ Kg8 51. Ra8+ Kh7 52. Ra7+ Kh6
53. Bd1 Bc3+ 54. Kf1 Bc4+ 55. Kg1 Bd4+ 56. Kh1 Rf2 57. Bf4+ Rxf4 58. gxf4 e3
59. Ra4 Bd5+ 60. Kh2 Bxc5 61. Ra5 Bc4 62. Rxc5 e2 63. Bxe2 Bxe2 64. Rc6+ Kg7
65. Kg3 Bb5 66. Rb6 1-0

[Event "French Championship 2012"]
[Site "?"]
[Date "2012.08.17"]
[Round "5"]
[White "Bauer, Christian"]
[Black "Bacrot, Etienne"]
[Result "1/2-1/2"]
[WhiteElo "2682"]
[BlackElo "2713"]
[PlyCount "95"]
[EventDate "2012.??.??"]

1. e4 e5 2. Nf3 Nc6 3. Bc4 Bc5 4. d3 Nf6 5. Nbd2 O-O 6. O-O d6 7. c3 Ne7 8. Re1
Ng6 9. Nf1 c6 10. Bb3 Bb6 11. Ng3 h6 12. h3 Re8 13. d4 Be6 14. Bc2 Qc7 15. Be3
Rad8 16. Qc1 Bc8 17. a4 a5 18. Ra3 c5 19. Rb3 Ba7 20. d5 c4 21. Rb5 Bxe3 22.
Qxe3 Bd7 23. Qb6 Qc8 24. Nf5 Bxb5 25. axb5 Qd7 26. Nd2 Ne7 27. Nxe7+ Rxe7 28.
Nxc4 Qc7 29. Qxa5 Qxa5 30. Nxa5 Kf8 31. b6 Ra8 32. b4 Ra6 33. Bd3 Rxb6 34. Ra1
Re8 35. Kf1 Rc8 36. Ra3 Nh5 37. Ke1 Nf4 38. Bf1 Rxb4 39. cxb4 Rc1+ 40. Kd2 Rxf1
41. g3 Rxf2+ 42. Ke3 Nxh3 43. Nxb7 Rg2 44. Kf3 Rf2+ 45. Ke3 Rg2 46. Kf3 Rf2+
47. Ke3 Rg2 48. Kf3 1/2-1/2

[Event "French Championship 2012"]
[Site "?"]
[Date "2012.08.17"]
[Round "5"]
[White "Mullon, Jean-Baptiste"]
[Black "Fressinet, Laurent"]
[Result "0-1"]
[WhiteElo "2404"]
[BlackElo "2714"]
[PlyCount "90"]
[EventDate "2012.??.??"]

1. e4 Nf6 2. e5 Nd5 3. d4 d6 4. Nf3 g6 5. Bc4 c6 6. h3 Bg7 7. O-O O-O 8. Qe2
dxe5 9. Nxe5 Nb6 10. Bb3 N8d7 11. Nd2 a5 12. a4 Nxe5 13. dxe5 c5 14. Nf3 Qc7
15. e6 f5 16. Re1 c4 17. Ba2 Nxa4 18. Bxc4 Nxb2 19. Bb3 Nc4 20. Bxc4 Bxa1 21.
Ng5 b5 22. Bxb5 Bb7 23. Rd1 Qe5 24. Qf1 Rab8 25. Bd7 Qc7 26. h4 Bf6 27. h5 Qxc2
28. hxg6 hxg6 29. Bf4 Ba6 30. Qe1 Qe2 31. Bxb8 Qxe1+ 32. Rxe1 Rxb8 33. Nf7 Rb4
34. Re3 Rb1+ 35. Kh2 Rb2 36. Ra3 Rxf2 37. Bc6 Bc4 38. Rxa5 Bxe6 39. Nd8 Bc4 40.
Ra4 Be5+ 41. Kh3 Rf1 42. g4 Rf2 43. Kh4 Bf4 44. gxf5 gxf5 45. Kh5 Kg7 0-1

[Event "French Championship 2012"]
[Site "?"]
[Date "2012.08.18"]
[Round "6"]
[White "Fressinet, Laurent"]
[Black "Edouard, Romain"]
[Result "1/2-1/2"]
[WhiteElo "2714"]
[BlackElo "2652"]
[PlyCount "88"]
[EventDate "2012.??.??"]

1. Nf3 d5 2. d4 Nf6 3. c4 e6 4. e3 c5 5. cxd5 exd5 6. Bb5+ Bd7 7. Bxd7+ Nbxd7
8. dxc5 Nxc5 9. O-O Be7 10. Bd2 O-O 11. Bc3 Qd7 12. Bd4 Rac8 13. Nc3 Rfd8 14.
Rc1 a6 15. h3 Nfe4 16. Qe2 Ne6 17. Qd3 Nxd4 18. Nxd4 Nxc3 19. Rxc3 Rxc3 20.
Qxc3 Bf6 21. Rc1 h6 22. b3 Qe7 23. Qc7 Rd7 24. Qf4 Qe4 25. Ne2 Be5 26. Qg4 Qxg4
27. hxg4 Kf8 28. Kf1 Ke7 29. Rd1 Ke6 30. Ke1 Rc7 31. Kd2 Rc5 32. Kd3 Ra5 33.
Rd2 Rc5 34. a4 Rc6 35. Rd1 Rb6 36. Rb1 Rc6 37. f3 Kd6 38. Nd4 Bxd4 39. exd4 Rc7
40. Re1 Re7 41. Rc1 Rc7 42. Re1 Re7 43. Rc1 Rc7 44. Re1 Re7 1/2-1/2

[Event "French Championship 2012"]
[Site "?"]
[Date "2012.08.18"]
[Round "6"]
[White "Bacrot, Etienne"]
[Black "Istratescu, Andrei"]
[Result "1-0"]
[WhiteElo "2713"]
[BlackElo "2647"]
[PlyCount "93"]
[EventDate "2012.??.??"]

1. c4 c6 2. d4 d5 3. Nc3 Nf6 4. e3 a6 5. Nf3 b5 6. c5 Bg4 7. Qb3 Bxf3 8. gxf3
e5 9. a4 Nbd7 10. Na2 Qc8 11. Qa3 Be7 12. Nb4 O-O 13. axb5 cxb5 14. Bh3 a5 15.
Nd3 exd4 16. exd4 Qb7 17. O-O Nb8 18. Ne5 Bd8 19. Qd3 Nc6 20. Re1 a4 21. Kh1
Re8 22. Bf4 Ba5 23. Re3 Nh5 24. Bg3 Nxg3+ 25. hxg3 Nxe5 26. dxe5 d4 27. Qxd4
Rad8 28. Qe4 Qxe4 29. Rxe4 Rd2 30. b4 axb3 31. Rxa5 Rd1+ 32. Kg2 b2 33. Rxb5
b1=Q 34. Rxb1 Rxb1 35. Rc4 Rb7 36. c6 Rc7 37. Bd7 Rb8 38. f4 f6 39. e6 Kf8 40.
f5 Rb5 41. Ra4 Rb8 42. Rh4 h6 43. Ra4 Ke7 44. Kh3 Rb2 45. Rg4 Kf8 46. Rf4 Re2
47. Kh4 1-0

[Event "French Championship 2012"]
[Site "?"]
[Date "2012.08.20"]
[Round "7"]
[White "Maze, Sebastien"]
[Black "Bacrot, Etienne"]
[Result "1/2-1/2"]
[WhiteElo "2573"]
[BlackElo "2713"]
[PlyCount "97"]
[EventDate "2012.??.??"]

1. d4 Nf6 2. c4 g6 3. Nc3 Bg7 4. e4 d6 5. Nf3 O-O 6. Be2 e5 7. O-O Nc6 8. d5
Ne7 9. b4 Ne8 10. c5 f5 11. Nd2 Nf6 12. f3 f4 13. Nc4 g5 14. g4 h5 15. h3 Ng6
16. Kf2 Rf7 17. a4 Bf8 18. Ba3 Rh7 19. Rh1 Be7 20. Qb3 Kg7 21. Raf1 Qh8 22.
Rhg1 hxg4 23. hxg4 Rh2+ 24. Ke1 Qh3 25. cxd6 Bxd6 26. b5 Bxa3 27. Qxa3 b6 28.
Nxe5 Nxe5 29. Qe7+ Nf7 30. e5 Nxg4 31. e6 Qh4+ 32. Kd2 Nge5 33. exf7 Nxf7 34.
Ne4 g4 35. Qxh4 Rxh4 36. fxg4 Bb7 37. Nc3 Ng5 38. Rg2 Rf8 39. Rgf2 f3 40. Bxf3
Nxf3+ 41. Rxf3 Rxf3 42. Rxf3 Rxg4 43. Ke3 a6 44. Rf4 Rxf4 45. Kxf4 axb5 46.
Nxb5 Bxd5 47. Nxc7 Bb3 48. Na8 Bxa4 49. Nxb6 1/2-1/2

[Event "French Championship 2012"]
[Site "?"]
[Date "2012.08.20"]
[Round "7"]
[White "Vaisser, Anatoly"]
[Black "Fressinet, Laurent"]
[Result "0-1"]
[WhiteElo "2556"]
[BlackElo "2714"]
[PlyCount "88"]
[EventDate "2012.??.??"]

1. d4 Nf6 2. c4 Nc6 3. Nf3 e6 4. Nc3 Bb4 5. Bd2 O-O 6. a3 Bxc3 7. Bxc3 d6 8.
Qc2 Qe7 9. e3 a5 10. Bd3 e5 11. d5 Nb8 12. Nd2 a4 13. O-O Nbd7 14. f4 Re8 15.
Ne4 Nxe4 16. Bxe4 h6 17. Bh7+ Kh8 18. Bf5 exf4 19. exf4 Nc5 20. Rf3 Bxf5 21.
Qxf5 f6 22. Qg6 Kg8 23. Rh3 Qf7 24. Rxh6 Qxg6 25. Rxg6 Kf7 26. Rg4 Re4 27. Rf1
Rxc4 28. Rf3 Ne4 29. f5 b5 30. Rff4 Re8 31. Bb4 Rc1+ 32. Rf1 Rxf1+ 33. Kxf1 Re5
34. Rf4 Nc5 35. Bxc5 dxc5 36. g4 Rxd5 37. Ke2 c4 38. Rf3 c5 39. h3 Rd6 40. Re3
Rd5 41. h4 Re5 42. Kd2 Rxe3 43. Kxe3 b4 44. Kd2 g6 0-1

[Event "French Championship 2012"]
[Site "?"]
[Date "2012.08.21"]
[Round "8"]
[White "Tkachiev, Vladislav"]
[Black "Bacrot, Etienne"]
[Result "1/2-1/2"]
[WhiteElo "2644"]
[BlackElo "2713"]
[PlyCount "44"]
[EventDate "2012.??.??"]

1. e4 e5 2. Nc3 Nf6 3. g3 Bc5 4. Bg2 Nc6 5. Nge2 d6 6. d3 a6 7. O-O Be6 8. Nd5
Nd4 9. Nxd4 Bxd4 10. c3 Ba7 11. Kh1 Bxd5 12. exd5 Qd7 13. f4 h5 14. fxe5 dxe5
15. Qe2 Ng4 16. Be4 h4 17. Bf5 Qxd5+ 18. Be4 Qe6 19. Bf5 Qd5+ 20. Be4 Qe6 21.
Bf5 Qd5+ 22. Be4 Qe6 1/2-1/2

[Event "French Championship 2012"]
[Site "?"]
[Date "2012.08.22"]
[Round "9"]
[White "Bacrot, Etienne"]
[Black "Hamdouchi, Hicham"]
[Result "1/2-1/2"]
[WhiteElo "2713"]
[BlackElo "2627"]
[PlyCount "101"]
[EventDate "2012.??.??"]

1. d4 Nf6 2. c4 g6 3. Nc3 Bg7 4. e4 d6 5. Be2 O-O 6. Nf3 e5 7. O-O Na6 8. Be3
h6 9. d5 Ng4 10. Bd2 f5 11. g3 Nf6 12. Nh4 Nxe4 13. Nxe4 fxe4 14. Nxg6 Rf6 15.
Nh4 Bh3 16. Bg4 Bxf1 17. Qxf1 c6 18. Be3 Nc7 19. Rd1 b5 20. b3 bxc4 21. bxc4
Qe8 22. Qh3 cxd5 23. cxd5 Qf7 24. Nf5 Kh7 25. Nxg7 Qxg7 26. Bf5+ Kh8 27. Bxe4
Nb5 28. Rc1 Raf8 29. Rc4 Kg8 30. Rc8 Nd4 31. Rxf8+ Qxf8 32. Qd7 Qf7 33. Qc8+
Qf8 34. Qc4 Qe7 35. Kg2 Kg7 36. Qc8 Qf8 37. Qg4+ Kh8 38. Qd1 Qe7 39. h4 Qg7 40.
Qh5 Kg8 41. Qd1 Rf7 42. h5 Nf5 43. Bd2 Kh8 44. Kh3 Ne7 45. Be3 Nf5 46. Bc1 Rf6
47. Kg2 Nh4+ 48. Kg1 Nf5 49. Kg2 Nh4+ 50. Kg1 Nf5 51. Kg2 1/2-1/2

[Event "French Championship 2012"]
[Site "?"]
[Date "2012.08.22"]
[Round "9"]
[White "Istratescu, Andrei"]
[Black "Fressinet, Laurent"]
[Result "1/2-1/2"]
[WhiteElo "2647"]
[BlackElo "2714"]
[PlyCount "103"]
[EventDate "2012.??.??"]

1. e4 e5 2. Nf3 Nc6 3. Nc3 Nf6 4. Bb5 Bb4 5. O-O O-O 6. Bxc6 dxc6 7. Nxe5 Re8
8. Nd3 Bxc3 9. dxc3 Nxe4 10. Bf4 Bf5 11. Re1 Nd6 12. Qf3 Bxd3 13. cxd3 Qd7 14.
Bxd6 cxd6 15. Re3 Re6 16. Rae1 Rae8 17. h3 g6 18. a3 d5 19. Qg4 h5 20. Qf4 Rxe3
21. Rxe3 Rxe3 22. Qxe3 a6 23. Qe5 Qd8 24. g3 f6 25. Qe6+ Kf8 26. a4 a5 27. Kg2
Qe7 28. Qc8+ Kg7 29. Qa8 Qc7 30. Qe8 Qd6 31. d4 b6 32. h4 c5 33. Kf3 cxd4 34.
cxd4 Qc7 35. Qe6 Qb7 36. Kg2 f5 37. b3 b5 38. Kf3 bxa4 39. bxa4 Qb4 40. Qe5+
Kh7 41. Kf4 Qxa4 42. Qe7+ Kh6 43. Qf8+ Kh7 44. Qf7+ Kh6 45. Ke5 Qb4 46. Qg8
Qe7+ 47. Kxd5 Qb7+ 48. Kd6 Qb6+ 49. Ke5 Qc7+ 50. Kd5 Qb7+ 51. Ke5 Qc7+ 52. Kd5
1/2-1/2

[Event "French Championship 2012"]
[Site "?"]
[Date "2012.08.23"]
[Round "10"]
[White "Lagarde, Maxime"]
[Black "Bacrot, Etienne"]
[Result "0-1"]
[WhiteElo "2505"]
[BlackElo "2713"]
[PlyCount "94"]
[EventDate "2012.??.??"]

1. e4 e5 2. Nf3 Nc6 3. Nc3 Bc5 4. Nxe5 Nxe5 5. d4 Bd6 6. dxe5 Bxe5 7. f4 Bxc3+
8. bxc3 d6 9. Bc4 Qh4+ 10. g3 Qf6 11. Qd4 Ne7 12. Qxf6 gxf6 13. e5 fxe5 14.
fxe5 dxe5 15. O-O Be6 16. Bxe6 fxe6 17. Bg5 Rg8 18. Bf6 e4 19. Rae1 Rg4 20. h3
Rxg3+ 21. Kh2 Rg6 22. Rxe4 Nd5 23. Bh4 b5 24. Rf5 Nxc3 25. Re3 b4 26. Rh5 h6
27. Rg3 Kf7 28. Rxg6 Kxg6 29. Re5 Kf7 30. Rh5 a5 31. Rxh6 Nxa2 32. Rf6+ Ke7 33.
Rf1+ Kd6 34. Bf6 a4 35. h4 Nc3 36. Bg7 a3 37. h5 a2 38. h6 Ra5 39. Bf8+ Kc6 40.
Ra1 Rh5+ 41. Kg3 Kb5 42. Kg4 Rh2 43. Kg3 Rxc2 44. h7 Ne4+ 45. Kf4 Rh2 46. Rxa2
Rh4+ 47. Ke5 Nd6 0-1

[Event "Chinese League (Div.A)"]
[Site "?"]
[Date "2012.04.28"]
[Round "1"]
[White "Wang, Hao"]
[Black "Hou, Yifan"]
[Result "1/2-1/2"]
[WhiteElo "2733"]
[BlackElo "2639"]
[PlyCount "71"]
[EventDate "2012.??.??"]
[SourceDate "2012.04.29"]

1. d4 Nf6 2. c4 e6 3. Nf3 d5 4. Nc3 Bb4 5. Bg5 Nbd7 6. cxd5 exd5 7. e3 c5 8.
dxc5 Qa5 9. Rc1 Bxc3+ 10. bxc3 O-O 11. Nd4 Re8 12. Bd3 Ne4 13. Bf4 Ndxc5 14.
Bb1 Ne6 15. Be5 N6c5 16. Bf4 Ne6 17. Nxe6 Bxe6 18. O-O Rac8 19. Qh5 Rc5 20. f3
d4 21. Qh4 Rh5 22. Qe1 Nxc3 23. exd4 Nxb1 24. Rxb1 Rb5 25. Qxa5 Rxa5 26. Rxb7
Rxa2 27. Re1 Ra4 28. Re4 f5 29. Re1 Rxd4 30. Rxg7+ Kxg7 31. Be5+ Kf7 32. Bxd4
a5 33. Ra1 Ra8 34. Rb1 Rd8 35. Rb7+ Rd7 36. Rxd7+ 1/2-1/2

[Event "Chinese League (Div.A)"]
[Site "?"]
[Date "2012.04.28"]
[Round "1"]
[White "Lu, Shanglei"]
[Black "Riazantsev, Alexander"]
[Result "0-1"]
[WhiteElo "2514"]
[BlackElo "2710"]
[PlyCount "64"]
[EventDate "2012.??.??"]
[SourceDate "2012.04.29"]

1. e4 c6 2. Nc3 d5 3. Qe2 d4 4. Nd1 e5 5. f4 exf4 6. d3 Ne7 7. h4 h5 8. Bxf4
Ng6 9. Bg5 Be7 10. Bxe7 Qxe7 11. Qf2 c5 12. Qg3 Nc6 13. Nf2 Nb4 14. Kd2 Be6 15.
a3 Nc6 16. Nf3 O-O-O 17. Re1 Rh6 18. Nh3 Bxh3 19. Qxh3+ Kb8 20. Qg3+ Nge5 21.
Nxe5 Nxe5 22. Be2 Rg6 23. Qh2 Rb6 24. Bxh5 c4 25. Bxf7 cxd3 26. b3 Rf8 27. Ref1
Qc7 28. cxd3 Qc3+ 29. Kd1 Qxd3+ 30. Ke1 Qxe4+ 31. Kd2 Qe3+ 32. Kd1 Rc8 0-1

[Event "Chinese League (Div.A)"]
[Site "?"]
[Date "2012.04.28"]
[Round "1"]
[White "Li, Chao b"]
[Black "Bu, Xiangzhi"]
[Result "1/2-1/2"]
[WhiteElo "2703"]
[BlackElo "2668"]
[PlyCount "86"]
[EventDate "2012.??.??"]
[SourceDate "2012.04.29"]

1. d4 d5 2. c4 c6 3. Nf3 Nf6 4. Nc3 a6 5. e3 e6 6. Qc2 c5 7. cxd5 exd5 8. Be2
Be6 9. O-O Nc6 10. Rd1 cxd4 11. Nxd4 Nxd4 12. Rxd4 Bc5 13. Rd1 Rc8 14. Qd3 O-O
15. b3 Qd7 16. Bb2 Bf5 17. Qd2 d4 18. Na4 dxe3 19. Qxd7 exf2+ 20. Kf1 Nxd7 21.
Nxc5 Nxc5 22. Ba3 g6 23. Rac1 b6 24. Rd6 Rfe8 25. Bxc5 bxc5 26. Bxa6 Ra8 27.
Rcd1 Kg7 28. R1d2 Re7 29. Bc4 Ra3 30. Rc6 Bb1 31. Rxc5 Bxa2 32. Rb2 Rb7 33. Bd5
Rbxb3 34. Bxb3 Bxb3 35. Rc3 Ra1+ 36. Kxf2 Be6 37. Rd2 h5 38. Rd4 Ra2+ 39. Kf3
Kf6 40. h3 Kg7 41. g4 hxg4+ 42. hxg4 Ra5 43. Kg3 g5 1/2-1/2

[Event "Chinese League (Div.A)"]
[Site "?"]
[Date "2012.04.29"]
[Round "2"]
[White "Zhao, Jun"]
[Black "Wang, Hao"]
[Result "1-0"]
[WhiteElo "2583"]
[BlackElo "2733"]
[PlyCount "189"]
[EventDate "2012.??.??"]
[SourceDate "2012.04.29"]

1. Nf3 f5 2. g3 Nf6 3. Bg2 g6 4. O-O Bg7 5. d4 O-O 6. b3 d6 7. Bb2 c6 8. Nbd2
a5 9. c4 Na6 10. Ne1 e5 11. dxe5 Nd7 12. Nd3 dxe5 13. e4 Re8 14. Qe2 Ndc5 15.
Nxc5 Nxc5 16. exf5 gxf5 17. Rad1 Qe7 18. Rfe1 Bd7 19. Qe3 b6 20. Bf1 Qf7 21.
Ba3 Ne6 22. Nf3 e4 23. Ng5 Nxg5 24. Qxg5 Re6 25. Qd2 Be8 26. c5 b5 27. Bb2 Bxb2
28. Qxb2 Qe7 29. Qc3 a4 30. b4 Bh5 31. Be2 Bf7 32. a3 Rf6 33. Rd4 Bb3 34. Bd1
Bd5 35. Be2 Qe6 36. f4 Rf7 37. Red1 Rd8 38. Qe3 Rfd7 39. R1d2 Kf7 40. Kf2 Qh6
41. Kg2 Ke7 42. Bd1 Qe6 43. Kf2 Rg8 44. Be2 Kd8 45. Rd1 Kc7 46. Qd2 Qh6 47. Kg1
Rgd8 48. Qe3 Qe6 49. R1d2 Rh8 50. Rd1 Rhd8 51. R1d2 Kb7 52. Rd1 Ka6 53. R1d2
Qf7 54. Kf2 Qe6 55. Kg1 Bc4 56. Rxd7 Rxd7 57. Kf2 Rd5 58. Qc3 Bxe2 59. Rxd5
Qxd5 60. Kxe2 Qa2+ 61. Ke1 Qxh2 62. Qh8 Qxg3+ 63. Ke2 Qd3+ 64. Ke1 Qe3+ 65. Kd1
Qb3+ 66. Ke1 Qg3+ 67. Ke2 Qg4+ 68. Ke1 Qh4+ 69. Ke2 Qh2+ 70. Ke1 Qh4+ 71. Ke2
Kb7 72. Qg7+ Kc8 73. Qf8+ Qd8 74. Qxf5+ Qd7 75. Qxe4 Kd8 76. Kf2 Qd2+ 77. Kg3
Qc3+ 78. Kg4 Qg7+ 79. Kh5 Kd7 80. Qf5+ Ke7 81. Qe4+ Kd7 82. Qd3+ Ke8 83. Qd6
Qg2 84. Qe6+ Kd8 85. Qf6+ Kd7 86. Qf7+ Kd8 87. Qf8+ Kd7 88. Qd6+ Ke8 89. Qe6+
Kd8 90. f5 Qh2+ 91. Kg5 Qg2+ 92. Kh6 Qh2+ 93. Kg7 Qc7+ 94. Kf8 Qf4 95. Qd6+ 1-0

[Event "Chinese League (Div.A)"]
[Site "?"]
[Date "2012.04.29"]
[Round "2"]
[White "Riazantsev, Alexander"]
[Black "Liu, Chang"]
[Result "1-0"]
[WhiteElo "2262"]
[BlackElo "2710"]
[PlyCount "141"]
[EventDate "2012.??.??"]
[SourceDate "2012.04.29"]

1. d4 Nf6 2. c4 e6 3. Nf3 d5 4. Nc3 Nbd7 5. e3 c6 6. Qc2 Bd6 7. Bd3 dxc4 8.
Bxc4 O-O 9. O-O e5 10. Bb3 exd4 11. exd4 Nb6 12. Bg5 Be7 13. Rfe1 Nbd5 14. Bxd5
Nxd5 15. Nxd5 Bxg5 16. Nxg5 Qxg5 17. Re5 Qh6 18. Ne7+ Kh8 19. Nxc8 Raxc8 20.
Re7 Rb8 21. Rae1 Kg8 22. g3 Qd6 23. Qc5 Qxc5 24. dxc5 Rfd8 25. Rc7 Rdc8 26.
Rxc8+ Rxc8 27. Re7 Rb8 28. b3 g6 29. Rc7 a5 30. a3 b6 31. Rxc6 bxc5 32. Rxc5
Rxb3 33. Rxa5 h5 34. h4 Kg7 35. Ra6 Rc3 36. Kg2 Rb3 37. Ra4 Rc3 38. Kf1 Rb3 39.
Ke2 Rb2+ 40. Ke3 Rb3+ 41. Ke4 Rb2 42. Kf3 Rb3+ 43. Kg2 Rc3 44. Ra7 Rb3 45. Ra6
Rc3 46. a4 Ra3 47. a5 Kh7 48. Kf1 Ra2 49. Kg1 Kg7 50. Kg2 Ra3 51. Ra8 Kf6 52.
a6 Kg7 53. Kf1 Ra2 54. Ke1 Kf6 55. Ra7 Ke6 56. Kf1 Kf6 57. Kg1 Ra1+ 58. Kh2 Ra2
59. Kg2 Ra3 60. Ra8 Kg7 61. Kf1 Ra2 62. Ke1 Kf6 63. Ra7 Ke6 64. f3 Ra3 65. Ke2
Kf6 66. g4 hxg4 67. fxg4 Ra4 68. Kf3 Kg7 69. g5 Ra3+ 70. Ke4 Ra4+ 71. Kd3 1-0

[Event "Chinese League (Div.A)"]
[Site "?"]
[Date "2012.04.29"]
[Round "2"]
[White "Ma, Zhonghan"]
[Black "Li, Chao b"]
[Result "1/2-1/2"]
[WhiteElo "2369"]
[BlackElo "2703"]
[PlyCount "101"]
[EventDate "2012.??.??"]
[SourceDate "2012.04.29"]

1. Nf3 Nf6 2. c4 c5 3. d4 cxd4 4. Nxd4 a6 5. Nc3 Qc7 6. e3 e6 7. Be2 Be7 8. O-O
O-O 9. b3 b6 10. Bb2 Bb7 11. Rc1 d6 12. Bf3 Nbd7 13. Bxb7 Qxb7 14. Qf3 Qxf3 15.
Nxf3 Rfc8 16. Rfd1 Bf8 17. Ba3 Nc5 18. Bxc5 bxc5 19. Ng5 Ne8 20. g4 g6 21. Rd3
h6 22. Nge4 f5 23. gxf5 gxf5 24. Ng3 Ra7 25. e4 fxe4 26. Ngxe4 Rf7 27. Kg2 Be7
28. Rcd1 Rc6 29. Rh3 Kh7 30. Rhd3 h5 31. Ne2 h4 32. R1d2 Rf5 33. Rd1 Rc8 34.
Kf1 Rd8 35. N2c3 Re5 36. f3 Rf5 37. Ke2 Rd7 38. Na4 Rc7 39. Nac3 Rc6 40. R3d2
Bf8 41. Rd3 Kh6 42. Rg1 Ng7 43. Rg4 Be7 44. Rd1 Nh5 45. Rdg1 Nf4+ 46. Kd2 d5
47. Rg8 Rf8 48. Rxf8 Bxf8 49. Rg4 Be7 50. Rg1 Bf8 51. Rg4 1/2-1/2

[Event "Chinese League (Div.A)"]
[Site "?"]
[Date "2012.04.29"]
[Round "2"]
[White "Le Quang, Liem"]
[Black "Yu, Yangyi"]
[Result "0-1"]
[WhiteElo "2698"]
[BlackElo "2615"]
[PlyCount "42"]
[EventDate "2012.??.??"]
[SourceDate "2012.04.29"]

1. d4 d5 2. c4 c6 3. Nf3 Nf6 4. Nc3 g6 5. cxd5 cxd5 6. Bf4 Bg7 7. e3 O-O 8. h3
Ne4 9. Nxe4 dxe4 10. Nd2 f5 11. Rc1 Nc6 12. Nc4 Be6 13. Be2 Bd5 14. O-O e6 15.
Qd2 g5 16. Bh2 f4 17. Bg4 Qf6 18. Nd6 Qg6 19. exf4 gxf4 20. Bxf4 h5 21. Be2 e3
0-1